Score 0/31 Timer 04:00
1 Play Today
Hint 4-Letter Word % Correct
Having little speedSLOW
96.7%
● Frozen precipitation ●● SNOW ●
96.4%
Wintry nose leakageSNOT
96%
Chimney residueSOOT
95.7%
● Not easy ●● HARD ●
94%
HairlessBALD
93.8%
Water around a castleMOAT
93.3%
Tractor attachmentPLOW
91.6%
● Shoe filler ●● FOOT ●
91.5%
● Glove filler ●● HAND ●
91.5%
Human fuelFOOD
91.2%
Transition metal with symbol AuGOLD
90%
Ctrl+B, in Microsoft WordBOLD
88.3%
Batman actor ChristianBALE
88.3%
Like a cow's opinion, it doesn't matter?MOOT
87.8%
● Like a plush pillow ●● SOFT ●
87.2%
Hint 4-Letter Word % Correct
● Hamlet or Macbeth, e.g. ●● PLAY ●
86%
Place to keep your moneyBANK
85.5%
Boston, Kansas or Chicago, e.g.BAND
85.2%
● One of the food groups ●● MEAT ●
85.1%
Nickname for HenryHANK
82.4%
Tactical movePLOY
81.3%
● Opposite of acid ●● BASE ●
80.6%
Listen, to ShakespeareHARK
80.1%
Virtuous or correctGOOD
79.5%
Lie in the sun for a tanBASK
77.3%
● Volkswagen model ●● GOLF ●
74%
● A little mistake ●● GOOF ●
71.1%
Bog or moorPEAT
70.9%
Austin ___ State UniversityPEAY
66.2%
● Common bond ●● BALL ●
48%

Today's Daily Dose

Quick Pick
Colorful Movies

Get the Picture
Dog Breeds II

Remove Ads.
Support Sporcle.
Get the best of Sporcle when you Go Orange. This ad-free experience offers more features, more stats, and more fun while also helping to support Sporcle. Thank you for becoming a member.

You're not logged in!

Compare scores with friends on all Sporcle quizzes.
OR
Log In

Show Comments

Extras

Top Quizzes Today


Score Distribution

Your Account Isn't Verified!

In order to create a playlist on Sporcle, you need to verify the email address you used during registration. Go to your Sporcle Settings to finish the process.

Report this User

Report this user for behavior that violates our Community Guidelines.

Details: